000 00874nam a2200229Ii 4500
003 JO-AjNU
008 230605s9999||||xx |||||||||||||| ||und||
017 _a2009/8/3791
020 _a978-9957-16-564-2
040 _aJO-AjNU
_bara
_erda
_cJO-AjNU
041 _aara
050 1 4 _aKZ6471.K5222.2012
100 3 _aالخزرجي ، عروبة جبار,
_eauthor
_925804
245 0 0 _aالقانون الدولي لحقوق الانسان
250 _aط2
264 3 1 _aعمان : دار الثقافة، 2012
300 _a615ص
_bيشتمل على ملاحق ص (523-596) ويشتمل على مراجع ببلوغرافية ص (599-614)
336 _atext
_btxt
_2rdacontent
337 _aunmediated
_bn
_2rdamedia
338 _avolume
_bnc
_2rdacarrier
650 4 _aالقانون الدولي الإنساني -- حقوق الإنسان (قانون دولي)
_925805
999 _aA9699
_c13267
_d13267